00965nam a2200229 i 4500001000700000003000900007005001700016007000300033008004100036100004300077245012800120250001300248260003000261300002000291490006300311650003900374651007400413830007100487852003400558999001900592952012400611145368ES-MaACL20250831030034.0t|070214s1961 mx r ||||1| spa d1 aMartín Fernández, Alberto.916049314aLos Cristeros del volcán de Colima b: escenas de la lucha por la libertad religiosa en México 1926-1929 / cSpectator. a2ª. ed. aMéxico : bJus, c1961. a2 v. ; c23 cm.1 aFiguras y episodios de la historia de México ; v103-10404aIglesia y Estado-zMéxico913567 4aMéxico-xHistoria-y1926-1929, Rebelión de los cristeros.91604920 aFiguras y episodios de la historia de México ; v103-1049181876 aES-MaACLjE-9406-07 bR.94201 c145368d145368 00104070aATENEOMbATENEOMcDEPO2d2008-01-17eSCl0oE-9406-07p1151741r2023-02-23 00:00:00w2023-02-23yMONOGRAFIA